01423nam a2200217 a 450000100100000000500170001000800410002704000250006808200170009324500430011026000670015330000270022050400290024750505910027659000260086765000690089371000740096291000370103695201150107399900170118800004518320260219150429.0150206s1999 dr a 000 0 spa d aDO-SdBNPbspacBNPHU a338.1bD536s00aDiagnóstico del sector agropecuario. aSanto Domingo :bSecretaría de Estado de Agricultura,c1999. a80 p. :bil. ;c26 cm. aBibliografía: p. 79-802 aAspectos socioeconómicos -- Propiedad y uso de la tierra -- El producto bruto interno global y el sector agropecuario -- Comportamiento de la siembra, cosecha y producción de los principales productos agropecuarios por grupos -- Servicios de apoyo a la producción -- Costos de producción de los principales productos agrícolas -- Comercialización agropecuaria -- Crédito agropecuario -- Reforma agraria -- Análisis de las variables relacionadas con los aspectos hidráulicos -- -- El sector agropecuario en el marco de los acuerdos internacionales -- Comercio exterior. aInventariado, 2018/LP 4aAgriculturaxAspectos económicoszRepública Dominicana91508 aSecretaría de Estado de Agricultura (República Dominicana)935364 aValidado. Control de calidad MFF 0010718PDaPDbPDcHDd2015-02-06iLF1l0o338.1 D536sp45183-10r2020-06-25w2020-06-25yLFPDZNo se presta c44672d44672